Passage of india/ (Record no. 209226)

MARC details
000 -LEADER
fixed length control field 00631nam a22002297a 4500
005 - DATE AND TIME OF LATEST TRANSACTION
control field 20250218140937.0
010 ## - LCCN (DPL NO)
LC control number ENG-143844
020 ## - INTERNATIONAL STANDARD BOOK NUMBER
Terms of availability 1350.00
International Standard Book Number 9789354429293
035 ## - SYSTEM CONTROL NUMBER
System control number EN-127376
037 ## - SOURCE OF ACQUISITION
Source of stock number/acquisition DBAD
082 ## - DEWEY DECIMAL CLASSIFICATION NUMBER
Classification number 301.0945
100 ## - MAIN ENTRY--PERSONAL NAME
Personal name Trivedi Harish
245 ## - TITLE STATEMENT
Title Passage of india/
Statement of responsibility, etc Harish Trivedi
260 ## - PUBLICATION, DISTRIBUTION, ETC. (IMPRINT)
Place of publication, distribution, etc Telanagan
Name of publisher, distributor, etc Orient Blackswan Private Limited
Date of publication, distribution, etc 2024
270 ## - ADDRESS
Address 3-6-752 Himayatnagar , Hyderabad
City Telengana
Postal code 500029
300 ## - PHYSICAL DESCRIPTION
Extent 243pg.
Dimensions 21cm(pb)
700 ## - ADDED ENTRY--PERSONAL NAME
9 (RLIN) 61951
700 ## - ADDED ENTRY--PERSONAL NAME
9 (RLIN) 61952
700 ## - ADDED ENTRY--PERSONAL NAME
9 (RLIN) 61953
700 ## - ADDED ENTRY--PERSONAL NAME
9 (RLIN) 61954
942 ## - ADDED ENTRY ELEMENTS (KOHA)
Source of classification or shelving scheme Dewey Decimal Classification
Item type English Books
Call number suffix TRI
Classification part 301.0954
Holdings
Withdrawn status Lost status Not for loan Collection code Home library Current library Date acquired Source of acquisition Cost, normal purchase price Full call number Barcode Copy number Cost, replacement price Koha item type
      Non-fiction Central Library Central Library 18/02/2025 Delivery of Books Act Division 1350.00 TRI 301.0954 EN-127376 1 1350.00 English Books

© Delhi Public Library
Hit Counter
free hit counter